[Event "Gorazde op"]
[Site "Gorazde"]
[Date "2011.09.17"]
[Round "6"]
[White "Brkic, Mustafa"]
[Black "Delic, Jasmin"]
[Result "1-0"]
[WhiteElo "2145"]
[BlackElo "1822"]
[PlyCount "193"]
[EventDate "2011.09.15"]
[EventType "swiss"]
[EventRounds "7"]
[EventCountry "BIH"]
[SourceTitle "CBM 144 Extra"]
[Source "ChessBase"]
[SourceDate "2011.10.28"]
[SourceVersion "1"]
[SourceVersionDate "2011.10.28"]
[SourceQuality "1"]

1. b3 f5 2. e4 fxe4 3. d3 Nf6 4. Bb2 Nc6 5. Nd2 e5 6. dxe4 Bb4 7. c3 Bc5 8. b4 Bb6 9. Bc4 d6 10. h3 Qe7 11. a4 a5 12. b5 Nd8 13. Ngf3 Be6 14. Qe2 Bxc4 15. Nxc4 Bc5 16. Ba3 Ne6 17. Bxc5 Nxc5 18. Nfd2 0-0 19. 0-0 Ne6 20. g3 Nc5 21. Kg2 b6 22. Nb2 Rad8 23. Nd3 d5 24. Nxc5 Qxc5 25. exd5 Nxd5 26. Ne4 Qe7 27. Qc4 h6 28. Rad1 Qf7 29. Qe2 Rfe8 30. Rd2 Nf6 31. Nxf6+ gxf6 32. Rfd1 Rxd2 33. Rxd2 f5 34. Qd1 Re7 35. Rd8+ Kh7 36. Qd3 e4 37. Qd4 Qg7 38. Qd5 Qf7 39. c4 Kg6 40. h4 Qxd5 41. cxd5 Kf6 42. Kf1 Ke5 43. Ke2 Rf7 44. f4+ Kd4 45. d6 Kc5 46. dxc7 Rxc7 47. Rf8 Kd4 48. Rd8+ Kc4 49. Rd6 Kb4 50. Rxh6 Kxa4 51. Rxb6 Kb4 52. Rb8 a4 53. b6 Rc2+ 54. Kf1 Rc6 55. h5 a3 56. b7 Rb6 57. h6 a2 58. Ra8 Rxb7 59. Rxa2 Kc3 60. Ke2 Kd4 61. Ra4+ Kd5 62. Ra5+ Ke6 63. Ra6+ Kf7 64. h7 Kg7 65. Rf6 Rb5 66. Rf7+ Kh8 67. Kf1 e3 68. Re7 Rb1+ 69. Kg2 e2 70. Rxe2 Kxh7 71. Re6 Kg7 72. Rd6 Kf7 73. Kf2 Rb2+ 74. Ke3 Rg2 75. Kd4 Re2 76. Kd5 Re3 77. Rh6 Kg7 78. Re6 Rxg3 79. Ke5 Rg1 80. Kxf5 Ra1 81. Re7+ Kf8 82. Rb7 Ra5+ 83. Kg6 Ra6+ 84. Kg5 Ra5+ 85. f5 Ra1 86. Kg6 Rg1+ 87. Kf6 Ke8 88. Rb8+ Kd7 89. Kf7 Rf1 90. f6 Rf2 91. Rb1 Rf3 92. Rd1+ Kc7 93. Ke7 Re3+ 94. Kf8 Rf3 95. f7 Rf2 96. Rg1 Kd7 97. Kg8 1-0

[Event "Sarajevo Bosna op 41st"]
[Site "Sarajevo"]
[Date "2011.05.06"]
[Round "4"]
[White "Koksal, Ege"]
[Black "Brkic, Mustafa"]
[Result "1-0"]
[WhiteElo "2004"]
[BlackElo "2143"]
[PlyCount "67"]
[EventDate "2011.05.03"]
[EventType "swiss"]
[EventRounds "9"]
[EventCountry "BIH"]
[SourceTitle "CBM 142 Extra"]
[Source "ChessBase"]
[SourceDate "2011.06.27"]
[SourceVersion "1"]
[SourceVersionDate "2011.06.27"]
[SourceQuality "1"]

1. d4 b6 2. c4 e6 3. Nf3 f5 4. g3 Nf6 5. Bg2 Bb4+ 6. Nbd2 Bb7 7. 0-0 0-0 8. a3 Be7 9. b4 Ne4 10. Bb2 Bf6 11. Ne1 c5 12. Nxe4 fxe4 13. Qc2 d5 14. cxd5 exd5 15. bxc5 Nc6 16. Rd1 Rc8 17. f3 e3 18. Bh3 Rc7 19. Ng2 Re8 20. Nf4 Rce7 21. cxb6 axb6 22. Qf5 Na5 23. Bc3 Nc4 24. Bb4 Rf7 25. Qc2 g5 26. Ne6 Qa8 27. f4 Bc8 28. Nxg5 Rc7 29. Nxh7 Rxh7 30. Qg6+ Rg7 31. Qxe8+ Kh7 32. Bxc8 Kh6 33. Qh8+ Kg6 34. f5+ 1-0

[Event "BIH-chT2"]
[Site "Tuzla"]
[Date "2010.07.19"]
[Round "2"]
[White "Ribic, Kasmir"]
[Black "Brkic, Mustafa"]
[Result "1-0"]
[WhiteElo "2315"]
[BlackElo "2083"]
[PlyCount "84"]
[EventDate "2010.07.18"]
[EventType "team-swiss"]
[EventRounds "9"]
[EventCountry "BIH"]
[SourceTitle "CBM 137 Extra"]
[Source "ChessBase"]
[SourceDate "2010.09.01"]
[SourceVersion "1"]
[SourceVersionDate "2010.09.01"]
[SourceQuality "1"]

1. d4 Nf6 2. c4 e6 3. Nc3 Bb4 4. g3 Nc6 5. Bg2 0-0 6. Nf3 b6 7. Ne5 Bb7 8. Bg5 Na5 9. Bxb7 Bxc3+ 10. bxc3 Nxb7 11. Ng4 d5 12. Bxf6 gxf6 13. cxd5 f5 14. Ne3 Nd6 15. Qd3 Rc8 16. 0-0 c6 17. dxe6 fxe6 18. Ng2 Ne4 19. f3 Nf6 20. e4 c5 21. Rad1 cxd4 22. cxd4 Qd7 23. Nf4 Rfd8 24. Qb3 Qf7 25. Nxe6 Rd6 26. d5 Nd7 27. Rc1 Nc5 28. Qe3 fxe4 29. fxe4 Qg6 30. Rf5 h6 31. Qf4 Rxe6 32. dxe6 Re8 33. Rf6 Qg5 34. Rxh6 Qxf4 35. gxf4 Kg7 36. Rh3 Rxe6 37. e5 Kg6 38. Rh8 Kf5 39. Rf8+ Ke4 40. Re1+ Kf3 41. f5 Re7 42. e6 Rg7+ 1-0

[Event "BIH CFFBH-chT1"]
[Site "Cazin"]
[Date "2009.06.30"]
[Round "6"]
[White "Brkic, Mustafa"]
[Black "Djokic, Vladan"]
[Result "0-1"]
[WhiteElo "2102"]
[BlackElo "2272"]
[PlyCount "155"]
[EventDate "2009.06.27"]
[EventType "team-tourn"]
[EventRounds "9"]
[EventCountry "BIH"]
[SourceTitle "EXT 2019"]
[Source "ChessBase"]
[SourceDate "2018.10.10"]
[SourceVersion "1"]
[SourceVersionDate "2018.10.10"]
[SourceQuality "1"]

1. b3 c5 2. e3 Nf6 3. Bb2 b6 4. Be2 Bb7 5. Bf3 Nc6 6. Ne2 d5 7. d4 e6 8. 0-0 Be7 9. dxc5 bxc5 10. Nbc3 Ne5 11. Nf4 Nxf3+ 12. Qxf3 Qb6 13. Na4 Qc7 14. Nh5 Nxh5 15. Qxh5 Bf6 16. Bxf6 gxf6 17. Qh4 Ke7 18. Rac1 Rhg8 19. f3 Rad8 20. c3 Rg6 21. b4 Rdg8 22. g3 Ba6 23. Rfe1 cxb4 24. cxb4 Qd6 25. Nc5 Bc4 26. e4 Qb6 27. a3 Rd8 28. f4 a5 29. f5 axb4 30. axb4 Rg5 31. e5 Rxf5 32. exf6+ Kd6 33. Red1 Kc6 34. Qxh7 Qxb4 35. Nd3 Qb6+ 36. Kh1 Qe3 37. Qh3 Qf3+ 38. Qg2 Qxg2+ 39. Kxg2 Kb6 40. Nb2 Bb5 41. Rb1 Ra8 42. Rd2 Rxf6 43. Nd1 Kc5 44. Nb2 Bc6 45. Rc1+ Kb6 46. Nd3 Ra5 47. Rb2+ Rb5 48. Rbc2 Bb7 49. Kg1 d4 50. Nc5 Rf5 51. Nd7+ Ka5 52. Ra2+ Kb4 53. Rc7 Be4 54. g4 Rf4 55. h3 Rf3 56. Kh2 Rc3 57. Rca7 Kc4 58. R2a4+ Kd3 59. Nf6 Bc6 60. Ra2 Rbc5 61. Rxf7 Rc2+ 62. Rxc2 Kxc2 63. Re7 d3 64. Rxe6 d2 65. Rd6 d1Q 66. Rxd1 Kxd1 67. h4 Ke2 68. Kg3 Ke3 69. g5 Bf3 70. Ng4+ Bxg4 71. Kxg4 Ke4 72. g6 Rc1 73. Kg5 Ke5 74. h5 Rg1+ 75. Kh6 Kf6 76. g7 Kf7 77. g8Q+ Rxg8 78. Kh7 0-1

[Event "BIH CFFBH-chT1"]
[Site "Cazin"]
[Date "2009.06.30"]
[Round "5"]
[White "Brkic, Mustafa"]
[Black "Grujic, Milenko"]
[Result "0-1"]
[WhiteElo "2102"]
[BlackElo "2126"]
[PlyCount "84"]
[EventDate "2009.06.27"]
[EventType "team-tourn"]
[EventRounds "9"]
[EventCountry "BIH"]
[SourceTitle "EXT 2019"]
[Source "ChessBase"]
[SourceDate "2018.10.10"]
[SourceVersion "1"]
[SourceVersionDate "2018.10.10"]
[SourceQuality "1"]

1. b3 e5 2. Bb2 Nc6 3. e3 Nf6 4. Bb5 Bd6 5. Na3 a6 6. Bxc6 dxc6 7. Nc4 Qe7 8. Nf3 e4 9. Ng5 Ng4 10. Nxd6+ cxd6 11. Nh3 Ne5 12. Bxe5 Qxe5 13. Nf4 Bg4 14. f3 exf3 15. Kf2 fxg2 16. Qxg4 gxh1Q 17. Rxh1 h5 18. Qh3 g5 19. Nd3 Qe6 20. Qg3 f6 21. h4 Qf5+ 22. Ke1 0-0-0 23. a4 gxh4 24. Rxh4 Rhg8 25. Qh2 Rg5 26. Rf4 Qg6 27. Rf1 Rg2 28. Qh3+ Qg4 29. Qxg4+ hxg4 30. Rxf6 Rh8 31. Rf1 Rhh2 32. Nf2 d5 33. c4 g3 34. Ng4 Re2+ 35. Kd1 Rxd2+ 36. Kc1 Rc2+ 37. Kd1 Rhd2+ 38. Ke1 Rc1+ 39. Kxd2 Rxf1 40. Ke2 g2 41. Nh2 dxc4 42. bxc4 Rh1 0-1

[Event "BIH CFFBH-chT2"]
[Site "Neum"]
[Date "2007.08.31"]
[Round "9"]
[White "Brkic, Mustafa"]
[Black "Zivkovic, Sava"]
[Result "1/2-1/2"]
[WhiteElo "2071"]
[BlackElo "2335"]
[PlyCount "70"]
[EventDate "2007.08.25"]
[EventType "team-tourn"]
[EventRounds "9"]
[EventCountry "BIH"]
[SourceTitle "EXT 2023"]
[Source "ChessBase"]
[SourceDate "2022.10.05"]
[SourceVersion "1"]
[SourceVersionDate "2022.10.05"]
[SourceQuality "1"]

1. b3 e5 2. Bb2 Nc6 3. e3 Nf6 4. Bb5 d6 5. Ne2 a6 6. Bxc6+ bxc6 7. d4 exd4 8. Nxd4 Qd7 9. Nd2 d5 10. 0-0 Bd6 11. Re1 0-0 12. e4 dxe4 13. Nxe4 Nxe4 14. Rxe4 c5 15. Nf3 Bb7 16. Re3 Rad8 17. Qe2 Bf4 18. Rd3 Qf5 19. Rxd8 Rxd8 20. Rd1 Rxd1+ 21. Qxd1 Qd5 22. Qxd5 Bxd5 23. Be5 Bxf3 24. Bxf4 Be4 25. c3 Bb1 26. a3 Ba2 27. Bxc7 Bxb3 28. f4 f6 29. Bb6 c4 30. Kf2 Kf7 31. Ke3 Ke6 32. g4 Kd5 33. h4 Bd1 34. g5 fxg5 35. hxg5 Bc2 1/2-1/2

[Event "Zupanja op-B 13th"]
[Site "Zupanja"]
[Date "2007.01.06"]
[Round "4"]
[White "Brkic, Mustafa"]
[Black "Hodak, Stevo"]
[Result "1-0"]
[WhiteElo "2061"]
[BlackElo "2218"]
[PlyCount "99"]
[EventDate "2007.01.03"]
[EventType "swiss"]
[EventRounds "9"]
[EventCountry "CRO"]
[SourceTitle "CBM 116 Extra"]
[Source "ChessBase"]
[SourceDate "2007.03.07"]
[SourceVersion "1"]
[SourceVersionDate "2007.03.07"]
[SourceQuality "1"]

1. b3 d5 2. e3 Bf5 3. h4 e5 4. Bb2 Bd6 5. g4 Bd7 6. Bg2 c6 7. f4 f6 8. Nh3 Qc7 9. 0-0 Na6 10. c4 dxc4 11. bxc4 exf4 12. Nxf4 0-0-0 13. Nc3 Ne7 14. Rc1 Bxf4 15. Rxf4 Ng6 16. Nb5 Qb6 17. Rd4 c5 18. Rd6 Bc6 19. Bxc6 Rxd6 20. Nxd6+ Kb8 21. Bxb7 Qxd6 22. Rb1 Nb4 23. Bg2 Nxh4 24. a3 Nxg2 25. Kxg2 h5 26. g5 h4 27. axb4 h3+ 28. Kf3 cxb4 29. Bc3 Qc6+ 30. e4 a5 31. gxf6 gxf6 32. Bxb4 axb4 33. Qb3 Qc5 34. Qxb4+ Qxb4 35. Rxb4+ Kc7 36. Rb1 Kd6 37. d4 h2 38. Rh1 Rh4 39. Ke3 Kc6 40. c5 Kb5 41. Kf3 Kc4 42. c6 Kxd4 43. c7 Rh3+ 44. Kf4 Rh8 45. Rxh2 Rc8 46. Rc2 Kd3 47. Rc6 Kd4 48. Kf5 Ke3 49. Kxf6 Kxe4 50. Ke6 1-0

[Event "Zupanja op-B 13th"]
[Site "Zupanja"]
[Date "2007.01.05"]
[Round "3"]
[White "Brkic, Mustafa"]
[Black "Ljubic, Juro"]
[Result "1/2-1/2"]
[WhiteElo "2061"]
[BlackElo "2222"]
[PlyCount "54"]
[EventDate "2007.01.03"]
[EventType "swiss"]
[EventRounds "9"]
[EventCountry "CRO"]
[SourceTitle "CBM 116 Extra"]
[Source "ChessBase"]
[SourceDate "2007.03.07"]
[SourceVersion "1"]
[SourceVersionDate "2007.03.07"]
[SourceQuality "1"]

1. b3 e5 2. Bb2 Nc6 3. e3 Nf6 4. d4 exd4 5. exd4 d5 6. Nf3 Bf5 7. Bd3 Bb4+ 8. c3 Qe7+ 9. Be2 Bd6 10. 0-0 0-0 11. Re1 Qd7 12. Ba3 Rfe8 13. Bxd6 Qxd6 14. Nbd2 a6 15. Nf1 Ne4 16. Qc1 Re7 17. Ng3 Nxg3 18. hxg3 Rae8 19. Qd2 h6 20. Bd3 Be4 21. Re3 Bxd3 22. Rxe7 Qxe7 23. Qxd3 Qe2 24. Qf5 Qb2 25. Re1 Rxe1+ 26. Nxe1 Qxc3 27. Qc8+ Kh7 1/2-1/2

[Event "Omis op"]
[Site "Omis"]
[Date "2006.10.07"]
[Round "7"]
[White "Brkic, Mustafa"]
[Black "Mestrovic, Zvonimir"]
[Result "1/2-1/2"]
[WhiteElo "2020"]
[BlackElo "2308"]
[PlyCount "118"]
[EventDate "2006.10.04"]
[EventType "swiss"]
[EventRounds "7"]
[EventCountry "CRO"]
[SourceTitle "CBM 114 Extra"]
[Source "ChessBase"]
[SourceDate "2006.11.03"]
[SourceVersion "1"]
[SourceVersionDate "2006.11.03"]
[SourceQuality "1"]

1. b3 Nf6 2. Bb2 c5 3. e3 Nc6 4. Nf3 d6 5. d4 e6 6. dxc5 dxc5 7. Qxd8+ Nxd8 8. Bb5+ Bd7 9. Bxd7+ Nxd7 10. Na3 Nc6 11. Nb5 0-0-0 12. 0-0-0 f6 13. c4 a6 14. Nc3 Be7 15. Ne4 Kc7 16. Rd2 b5 17. cxb5 axb5 18. Rhd1 Nb4 19. Ba3 Nd5 20. Rc2 Kb6 21. Nc3 Nxc3 22. Rxc3 Nb8 23. Rc2 Rxd1+ 24. Kxd1 Nc6 25. Bc1 Ra8 26. a3 Na5 27. Nd2 Rd8 28. Ke2 e5 29. Bb2 Rc8 30. Bc3 Nb7 31. e4 Nd6 32. f3 c4 33. Bb4 cxb3 34. Rxc8 Nxc8 35. Nxb3 Bxb4 36. axb4 Ne7 37. Nc5 Nc6 38. Nd3 Kc7 39. Ke3 Kd6 40. g3 h5 41. h3 Ke7 42. f4 exf4+ 43. gxf4 g5 44. fxg5 fxg5 45. e5 g4 46. h4 g3 47. Kf3 Ke6 48. Nf4+ Kxe5 49. Nxh5 g2 50. Kxg2 Nxb4 51. Kf3 Nd5 52. Ng3 b4 53. Ne4 b3 54. Nc5 b2 55. Nd3+ Kf5 56. Nxb2 Ne7 57. Nc4 Ng6 58. Ne3+ Kf6 59. h5 Kg5 1/2-1/2

[Event "Omis op"]
[Site "Omis"]
[Date "2005.10.16"]
[Round "9"]
[White "Brkic, Mustafa"]
[Black "Kalajzic, Ivan"]
[Result "0-1"]
[WhiteElo "2015"]
[BlackElo "2191"]
[PlyCount "100"]
[EventDate "2005.10.10"]
[EventType "swiss"]
[EventRounds "9"]
[EventCountry "CRO"]
[SourceTitle "CBM 108 Extra"]
[Source "ChessBase"]
[SourceDate "2005.11.04"]
[SourceVersion "1"]
[SourceVersionDate "2005.11.04"]
[SourceQuality "1"]

1. b3 e5 2. Bb2 Nc6 3. e3 d5 4. Bb5 Bd6 5. f4 Qh4+ 6. g3 Qe7 7. Nf3 Bg4 8. 0-0 f6 9. Qe2 a6 10. Bxc6+ bxc6 11. Qf2 Nh6 12. fxe5 fxe5 13. Nh4 0-0-0 14. Nc3 Rhf8 15. Qg2 g5 16. Nf3 Nf5 17. e4 Bc5+ 18. Kh1 Nd4 19. Nxd4 exd4 20. Na4 Ba7 21. exd5 cxd5 22. h3 Be2 23. Rxf8 Rxf8 24. Ba3 Qxa3 25. Qxe2 Qd6 26. Qg4+ Qd7 27. Qxd7+ Kxd7 28. Nb2 Rf2 29. Rd1 c6 30. Nd3 Re2 31. Rf1 Bb8 32. Rf7+ Ke8 33. Rxh7 Bxg3 34. Rh6 Kd7 35. Nc5+ Kc7 36. Nxa6+ Kb7 37. Nc5+ Kb6 38. b4 Rxd2 39. Rh7 Kb5 40. Nb3 Rh2+ 41. Kg1 Kxb4 42. Nxd4 c5 43. Rb7+ Kc4 44. Nf3 Rxc2 45. a4 Bf4 46. Rg7 d4 47. Nxg5 Bxg5 48. Rxg5 d3 49. Kf1 Rc1+ 50. Kf2 d2 0-1

[Event "Omis op"]
[Site "Omis"]
[Date "2005.10.13"]
[Round "5"]
[White "Boskovic, Ante"]
[Black "Brkic, Mustafa"]
[Result "0-1"]
[WhiteElo "1960"]
[BlackElo "2015"]
[PlyCount "38"]
[EventDate "2005.10.10"]
[EventType "swiss"]
[EventRounds "9"]
[EventCountry "CRO"]
[SourceTitle "CBM 108 Extra"]
[Source "ChessBase"]
[SourceDate "2005.11.04"]
[SourceVersion "1"]
[SourceVersionDate "2005.11.04"]
[SourceQuality "1"]

1. Nf3 c5 2. e4 e6 3. d4 cxd4 4. Nxd4 Nf6 5. Bd3 d5 6. exd5 Qxd5 7. Nf3 Nc6 8. 0-0 Bd6 9. Nc3 Qh5 10. Ne4 Nxe4 11. Bxe4 Bc7 12. Re1 Bd7 13. b3 0-0-0 14. Be3 Ne5 15. Qc1 Nxf3+ 16. Bxf3 Qxh2+ 17. Kf1 Be5 18. Rb1 Bc3 19. Qa3 Bb5+ 0-1

[Event "Omis op"]
[Site "Omis"]
[Date "2005.10.11"]
[Round "2"]
[White "Brkic, Mustafa"]
[Black "Ribicic, Mate"]
[Result "0-1"]
[WhiteElo "2015"]
[BlackElo "2192"]
[PlyCount "54"]
[EventDate "2005.10.10"]
[EventType "swiss"]
[EventRounds "9"]
[EventCountry "CRO"]
[SourceTitle "CBM 108 Extra"]
[Source "ChessBase"]
[SourceDate "2005.11.04"]
[SourceVersion "1"]
[SourceVersionDate "2005.11.04"]
[SourceQuality "1"]

1. b3 e5 2. Bb2 Nc6 3. e3 d5 4. Bb5 f6 5. d4 exd4 6. exd4 Bd6 7. c4 a6 8. Ba4 Nge7 9. Ne2 dxc4 10. bxc4 Bb4+ 11. Nbc3 0-0 12. 0-0 Bg4 13. h3 Bh5 14. Re1 Na5 15. c5 Nd5 16. g4 Bf7 17. a3 Nc4 18. Qc2 Nxb2 19. axb4 Nxa4 20. Nxd5 Qxd5 21. Qxa4 Rae8 22. Ra3 Re7 23. Rd3 Rfe8 24. Qd1 Bg6 25. Rc3 Qa2 26. Kf1 Qd5 27. Qb3 Qxb3 0-1